'-Stan' Country Mini-Profiles Quiz Stats

 Plays Quiz Updated Nov 22, 2011

Also try: 'Country' Songs
Challenge
Share
Tweet
Embed
Score 0/85 Timer 05:00
0 Plays Today
country fact % Correct
PAKISTANShi'a Islam
93.9%
AFGHANISTANSunni Islam
93.8%
PAKISTANSunni Islam
93.8%
TAJIKISTANSunni Islam
93.8%
AFGHANISTANShi'a Islam
93.8%
TAJIKISTANShi'a Islam
93.8%
KAZAKHSTANIslam
93.8%
KYRGYZSTANIslam
93.7%
TURKMENISTANIslam
93.7%
UZBEKISTANIslam
93.7%
AFGHANISTAN.af
92.9%
UZBEKISTAN.uz
91.8%
AFGHANISTANPakistan
89.7%
TAJIKISTANTajik Persian
89.1%
TAJIKISTANTajik
88.6%
KAZAKHSTANRussia
88.5%
KAZAKHSTANKazakh
88.3%
KAZAKHSTANKazakh
88.3%
UZBEKISTANUzbek
87.8%
UZBEKISTANUzbek
87.8%
AFGHANISTANAfghan
86.3%
TURKMENISTANTurkmen
86.1%
KYRGYZSTANKyrgyz
86.1%
TURKMENISTANTurkmen
86.1%
KYRGYZSTANKyrgyz
86.1%
PAKISTANAfghanistan
86%
TAJIKISTANAfghanistan
86%
TURKMENISTANAfghanistan
86%
UZBEKISTANAfghanistan
86%
country fact % Correct
AFGHANISTANTurkmenistan
85.6%
KAZAKHSTANTurkmenistan
85.6%
UZBEKISTANTurkmenistan
85.6%
AFGHANISTANUzbekistan
85.5%
KAZAKHSTANUzbekistan
85.5%
KYRGYZSTANUzbekistan
85.5%
TAJIKISTANUzbekistan
85.5%
TURKMENISTANUzbekistan
85.5%
AFGHANISTANTajikistan
85.4%
KYRGYZSTANTajikistan
85.4%
UZBEKISTANTajikistan
85.4%
PAKISTANIndia
84.7%
KAZAKHSTAN.kz
82.9%
KAZAKHSTANKyrgyzstan
82.7%
TAJIKISTANKyrgyzstan
82.7%
UZBEKISTANKyrgyzstan
82.7%
AFGHANISTANChina
82.7%
KAZAKHSTANChina
82.7%
KYRGYZSTANChina
82.7%
PAKISTANChina
82.7%
TAJIKISTANChina
82.7%
AFGHANISTANIran
81.4%
TURKMENISTANIran
81.4%
PAKISTANIran
81.4%
KYRGYZSTANKazakhstan
81.3%
TURKMENISTANKazakhstan
81.3%
UZBEKISTANKazakhstan
81.3%
PAKISTAN.pk
80.6%
TAJIKISTAN.tj
78.1%
country fact % Correct
KAZAKHSTANRussian Orthodox
77.7%
KYRGYZSTANRussian Orthodox
77.7%
TURKMENISTANEastern Orthodox
77.2%
UZBEKISTANEastern Orthodox
77.2%
KYRGYZSTAN.kg
74.4%
AFGHANISTANKabul
73.7%
TURKMENISTAN.tm
73%
PAKISTANIslamabad
72.7%
KAZAKHSTANRussian
65.8%
KYRGYZSTANRussian
65.8%
TAJIKISTANRussian
65.8%
PAKISTANPakistani
63.7%
PAKISTANEnglish
55.4%
KAZAKHSTANCaspian Sea
54.7%
KAZAKHSTANAstana
54.7%
TURKMENISTANCaspian Sea
54.6%
KYRGYZSTANBishkek
50.8%
AFGHANISTANDari Persian
48.5%
UZBEKISTANTashkent
45.7%
PAKISTANUrdu
44%
PAKISTANKarachi
43.5%
TAJIKISTANDushanbe
36.2%
TURKMENISTANAshgabat
34.4%
KAZAKHSTANAlmaty
28.5%
PAKISTANArabian Sea
28%
AFGHANISTANPashtu
26.9%
PAKISTANPunjabi
16.5%

You're not logged in!

Compare scores with friends on all Sporcle quizzes.
Join for Free
OR
Log In

You Might Also Like...

Show Comments

Extras

Top Quizzes Today


Score Distribution

Your Account Isn't Verified!

In order to create a playlist on Sporcle, you need to verify the email address you used during registration. Go to your Sporcle Settings to finish the process.

Report this User

Report this user for behavior that violates our Community Guidelines.

Details: